000 00561nam a2200205Ia 4500
005 20250923150031.0
008 008 250917s9999 xx 000 0 eng d
037 _aTextual
040 _aDSWL
_beng
_cDSWL
041 _aeng
_2eng
084 _aY5927:7:7x, Poo
_qDSWL
245 0 _aDevelopment of weaker section
_c Ed.by Rao Subba
260 _aJaipur
_bRawat
_c2000
300 _a238 p.
365 _aINR
_b450.00
700 _a D. Francis
_9841489
925 _g450.00
942 _cTEXL
_hY5927:7:7x, Poo
999 _c1458776
_d1458776